Der Richter und sein Henker / (Record no. 7074)
| 000 -BAŞLIK | |
|---|---|
| Sabit Uzunluktaki Kontrol Alanı | 00711nam a22002537a 4500 |
| 001 - KONTROL NUMARASI | |
| Control Dosyası | 0007093 |
| 003 - KONTROL NUMARASI KİMLİĞİ | |
| Kontrol Alanı | KOHA_MİRAKIL |
| 005 - EN SON İŞLEM TARİHİ ve ZAMANI | |
| Kontrol Alanı | 20260207001545.0 |
| 007 - FİZİKSEL TANIM SABİT ALAN - GENEL BİLGİ | |
| Sabit uzunluklu kontrol alanı | ta |
| 008 - SABİT UZUNLUKTAKİ VERİ ÖGELERİ - GENEL BİLGİ | |
| Sabit Alan | 090810b1998 ge |||gr||||#||||1|ger | |
| 020 ## - ISBN - ULUSLARARASI STANDART KİTAP NUMARASI | |
| Isbn | 3499101505 |
| 040 ## - KATALOGLAMA KAYNAĞI | |
| Özgün Kataloglama Kurumu | TR-BiSEU |
| Kataloglama Dili | tur |
| Çeviri Kurumu | TR-BiSEU |
| Açıklama Kuralları | rda |
| 041 0# - DİL KODU | |
| Metin ya da ses kaydının dil kodu | ger |
| 044 ## - YAYINLAYAN/ÜRETEN KURULUŞUN ÜLKE KODU | |
| ISO country code | ge |
| 050 ## - SINIFLAMA ve YER NUMARASI | |
| Sınıflama Numarası | PT2607.U493 |
| Yer Numarası | R54 1986 |
| 100 1# - KİŞİ ADI | |
| Yazar Adı (Kişi adı) | Dürrenmatt, Friedrich. |
| 245 14 - ESER ADI BİLDİRİMİ | |
| Başlık | Der Richter und sein Henker / |
| Sorumluluk Bildirimi | Friedrich Dürrenmatt ; Friedrich Dürrenmatt. |
| 264 #1 - ÜRERİM, YAYIN, DAĞITIM ve TELİF BİLDİRİMİ | |
| Yayın yeri | Hamburg : |
| Yayınlayan | Rowohlt |
| Yayın tarihi | 1998 |
| 300 ## - FİZİKSEL TANIMLAMA | |
| Sayfa, Cilt vb. | 116 sayfa: resimli; 21 cm. |
| 336 ## - İÇERİK TÜRÜ | |
| Content type term | metin |
| Content type code | txt |
| Source | rdacontent |
| 337 ## - MEDYA TÜRÜ | |
| Media type term | aracısız |
| Media type code | n |
| Source | rdamedia |
| 338 ## - TAŞIYICI TÜRÜ | |
| Carrier type term | cilt |
| Carrier type code | nc |
| Source | rdacarrier |
| 942 ## - EK GİRİŞ ÖGELERİ (KOHA) | |
| Source of classification or shelving scheme | Library of Congress Classification |
| Koha item type | Book |
| Materyal Türü | Kalıcı Konum | Mevcut Konum | Raf Yeri | Sınıflandırma Kaynağı | Edinim Bilgisi | Ana Konular | Alt Konular | Yer Numarası | Demirbaş Numarası | Fatura Tarihi | Maliyet, Alış Fiyatı | Maliyet, Yenileme Fiyatı | Geri Çekilme Durumu | Kayıp Durumu | Hasarlı Durumu | Kredi için değil | Kayıt Tarih | Toplam Ödünçverme | Son Görülme Tarihi | Son Kontrol Tarihi | Genel / Bağış Notu |
|---|---|---|---|---|---|---|---|---|---|---|---|---|---|---|---|---|---|---|---|---|---|
| Book | Prof. Dr. Azmi Özcan Kütüphanesi | Prof. Dr. Azmi Özcan Kütüphanesi | Birûni Salonu | Library of Congress Classification | Bağış | DİL VE EDEBİYAT | Alman - Hollanda - İskandinav Edebiyatları vb. | PT2607.U493 R54 1986 | 0007093 | 13/08/2010 | 3.50 | 3.50 | 10/08/2009 | 05/12/2024 | 05/12/2024 | Boğaziçi Üniversitesi |
